Time's arrow : the origins of thermodynamic behavior
Saved in:
| Main Author: | |
|---|---|
| Format: | Book |
| Language: | English |
| Published: |
Mineola, N.Y. :
Dover Publications,
2003
|
| Subjects: | |
| Tags: |
Add Tag
No Tags, Be the first to tag this record!
|
MARC
| LEADER | 00000nam a2200000 i 4500 | ||
|---|---|---|---|
| 001 | 1/54072 | ||
| 008 | 070906s2003 eng d | ||
| 020 | |a 0-486-43243-2 | ||
| 035 | |l 10090468 | ||
| 040 | |a GR-MY-UA |b gre |e aacr | ||
| 041 | 0 | |a eng | |
| 082 | 0 | |a 536.7 |2 (22) | |
| 100 | 1 | |a Mackey, Michael C. |d 1942- | |
| 245 | 1 | 0 | |a Time's arrow : |b the origins of thermodynamic behavior / |c Michael C. Mackey |
| 260 | |a Mineola, N.Y. : |b Dover Publications, |c 2003 | ||
| 300 | |a xv, 175 σ.; |b εικ.; |c 22 εκ. | ||
| 500 | |a Originally published: New York : Springer-Verlag, c1992 | ||
| 504 | |a Περιλαμβάνει βιβλιογραφικές παραπομπές (σ. [159]-166) και ευρετήριο | ||
| 650 | 0 | 0 | |a Thermodynamics. |
| 650 | 0 | 0 | |a Entropy. |
| 852 | |a INST |b SAMOS |e 20070906 |h 536.7 MAC |p 005300028297 |q 005300028297 |t BK |y 0 | ||
| 901 | |a BIBL3-2007-3 | ||
| 909 | |a Σ |b 138913 | ||
| 922 | |a 3ΕΛΗ |b 200708 |c ΕΠΕΑΕΚ2/ΤΜΠΕΣ |d ΕΛΕΥΘΕΡΟΥΔΑΚΗΣ | ||
| 970 | |a ΣΙΤΖΙΜΗ |b ΓΙΑΣΕΜΗ |z 2007/09/06 | ||